| 000 | 00862nam a2200241Ia 4500 | ||
|---|---|---|---|
| 001 | 16066 | ||
| 003 | GE_BSU | ||
| 008 | 181216s||||||||xx |||||||||||||| ||und|| | ||
| 040 | _cGE_BSU | ||
| 080 | _a821.353.1-32 | ||
| 100 | _aჯაფარიძე, რევაზ | ||
| 245 | _aახლო არს ზაფხული | ||
| 245 | _bმოთხრობები | ||
| 245 | _cრედ.ნ.ჟღენტი. მხ.გ.ფურცელაძე | ||
| 260 | _aთბილისი | ||
| 260 | _bსაბჭ. საქართველო | ||
| 260 | _c1966 | ||
| 300 | _a705გვ. ; 21სმ. | ||
| 653 | _aახლო არს ზაფხული | ||
| 653 | _aმოთხრობები | ||
| 653 | _aტყის ბიჭი; ხმა იდუმალი; ძველი ეზო [და სხვა] | ||
| 942 | _cBK | ||
| 999 |
_c49156 _d49156 |
||